| 000 | 01146nam a2200205Ia 4500 | ||
|---|---|---|---|
| 003 | Ost | ||
| 005 | 20260507075554.0 | ||
| 008 | 260507s9999||||xx |||||||||||||| ||und|| | ||
| 040 | _cfsecg | ||
| 041 | _aara | ||
| 082 | _a330 | ||
| 100 |
_aليون، هوبكنز _eمؤلف |
||
| 245 | 0 |
_aالسيولة النقدية و كيفية زيادتها / _c هوبكنز ليون |
|
| 260 |
_aالقاهرة: _bدار الفاروق للنشر و التوزيع, _c2001 |
||
| 300 |
_a96 صفحة؛ _bإيضاحات ؛ _c24 سم |
||
| 520 | _aالميزانية العمومية و ادارة السيولة النقدية و التخطيط و سيطرة أفضل مشروع و القضايا بعيدة المدى اضافة الى الاستغلال الامثل للموارد المتاحة و الحد من استنزاف الموارد و القيام بالائتمان عند الاستحقاق و خيارات الاسهم و اجراءات الطوارئ و أخيرا تخطيط عمليات السيولة النقدية. | ||
| 653 | _aادارة السيولة النقدية | ||
| 653 | _aسيولة نقدية | ||
| 942 | _cكتاب | ||
| 999 |
_c44944 _d44944 |
||